00371pab a2200121 454500008004000000100001800040245009100058260000900149300001200158362000800170650002800178773004300206180718b2009 xxu||||| |||| 00| 0 eng d aEkman, Joakim aPolitical participation and regime stability: a framework for analyzing hybrid regimes c2009 ap.7-31. aJan aPolitical participation aInternational Political Science Review